[Event "URU-chT Interclubes Serie B"]
[Site "Montevideo"]
[Date "2016.09.25"]
[Round "5.11"]
[White "Aguilar, Sebastian"]
[Black "Lezama, Manuel"]
[Result "1/2-1/2"]
[WhiteElo "2122"]
[BlackElo "1885"]
[PlyCount "107"]
[EventDate "2016.09.23"]
[EventType "swiss"]
[EventRounds "5"]
[EventCountry "URU"]
[SourceTitle "EXT 2024"]
[Source "ChessBase"]
[SourceDate "2023.10.10"]
[SourceVersion "1"]
[SourceVersionDate "2023.10.10"]
[SourceQuality "1"]

1. d4 d5 2. Bf4 Nf6 3. e3 Bf5 4. c4 c6 5. Qb3 Qb6 6. c5 Qxb3 7. axb3 Nbd7 8. h3 Bxb1 9. Rxb1 e6 10. Bd3 Be7 11. Nf3 0-0 12. b4 a6 13. Nd2 Rfe8 14. 0-0 Bd8 15. e4 dxe4 16. Nxe4 Nxe4 17. Bxe4 Nf6 18. Bf3 Nd5 19. Bd2 Bf6 20. Bc3 Nc7 21. Be2 Red8 22. Rbd1 Rd7 23. Rd2 Rad8 24. Rfd1 Bg5 25. Rd3 Nb5 26. Rg3 Bf6 27. Kf1 Nxd4 28. Rgd3 Kf8 29. Bxd4 Rxd4 30. Rxd4 Rxd4 31. Rxd4 Bxd4 32. Ke1 Ke7 33. Bd3 Bxb2 34. Kd2 Be5 35. Be4 f5 36. Bc2 Bc7 37. Kc3 Kf6 38. Bb3 a5 39. Ba4 axb4+ 40. Kxb4 e5 41. Kc4 h5 42. Bd1 h4 43. Kd3 Bb8 44. Ba4 Ba7 45. Kc4 g5 46. Bd1 b6 47. cxb6 Bxb6 48. f3 e4 49. fxe4 fxe4 50. Ba4 e3 51. Kd3 Ke5 52. Bxc6 Kf4 53. Ke2 Kg3 54. Bb7 1/2-1/2

[Event "URU-ch sf"]
[Site "Montevideo"]
[Date "2013.02.12"]
[Round "8"]
[White "Aguilar, Sebastian"]
[Black "Vaz Lacuesta, Leonardo"]
[Result "1-0"]
[WhiteElo "2122"]
[BlackElo "2037"]
[PlyCount "81"]
[EventDate "2013.02.08"]
[EventType "swiss"]
[EventRounds "9"]
[EventCountry "URU"]
[SourceTitle "EXT 2014"]
[Source "ChessBase"]
[SourceDate "2013.11.20"]
[SourceVersion "1"]
[SourceVersionDate "2013.11.20"]
[SourceQuality "1"]

1. d4 Nf6 2. Bg5 d6 3. Bxf6 exf6 4. e3 g6 5. g3 Bg7 6. Bg2 0-0 7. Ne2 f5 8. 0-0 c6 9. c4 Nd7 10. Nbc3 Rb8 11. Rc1 Nf6 12. b4 Re8 13. a4 a6 14. Rb1 Ne4 15. Qd3 Qe7 16. b5 axb5 17. axb5 Bd7 18. Rb3 d5 19. cxd5 cxd5 20. Nxd5 Qd6 21. Ndf4 Rbc8 22. h4 h6 23. Rc1 g5 24. hxg5 hxg5 25. Nh3 Rxc1+ 26. Nxc1 Rc8 27. Ne2 Be6 28. Rb2 g4 29. Nhf4 Bc4 30. Qd1 Ra8 31. Qc1 Ra4 32. Bxe4 fxe4 33. Nc3 Rb4 34. Nxe4 Qe7 35. Nd2 Be6 36. Nxe6 Rxb2 37. Qxb2 Qxe6 38. Qb3 Qh6 39. Qd5 b6 40. Ne4 Qg6 41. Nd6 1-0

[Event "URU-ch sf"]
[Site "Montevideo"]
[Date "2013.02.11"]
[Round "6"]
[White "Aguilar, Sebastian"]
[Black "Izquierdo, Sebastian"]
[Result "1-0"]
[WhiteElo "2122"]
[BlackElo "2043"]
[PlyCount "113"]
[EventDate "2013.02.08"]
[EventType "swiss"]
[EventRounds "9"]
[EventCountry "URU"]
[SourceTitle "EXT 2014"]
[Source "ChessBase"]
[SourceDate "2013.11.20"]
[SourceVersion "1"]
[SourceVersionDate "2013.11.20"]
[SourceQuality "1"]

1. d4 Nf6 2. Bg5 Ne4 3. Bf4 d5 4. f3 Nf6 5. e4 dxe4 6. Nc3 exf3 7. Nxf3 Bg4 8. Bc4 e6 9. 0-0 Be7 10. Qd2 0-0 11. Ne5 Bf5 12. Rad1 c6 13. Qe2 Nbd7 14. Bg3 Nb6 15. Bb3 Nbd5 16. Na4 Ne4 17. Be1 Nef6 18. g4 Bg6 19. c4 Nb6 20. Ba5 Qd6 21. Bxb6 axb6 22. Nxb6 Ra6 23. c5 Qd8 24. h4 Nxg4 25. Nxg6 hxg6 26. Qxg4 Bxh4 27. Nc4 Bf6 28. Rf2 Re8 29. Rh2 g5 30. Nd6 g6 31. Nxe8 Qxe8 32. Qh3 Qd7 33. Qg4 Ra8 34. Rf2 Bd8 35. Qe4 Bc7 36. Rdf1 Bf4 37. Rxf4 gxf4 38. Rxf4 Re8 39. Qe5 Qe7 40. Kg2 f5 41. Kf2 Kf7 42. Ke2 Qg5 43. Rf2 Qf6 44. Rh2 Qxe5+ 45. dxe5 Kg7 46. Ke3 g5 47. Rd2 Kg6 48. Rd6 Kh5 49. Rxe6 Rh8 50. Rf6 f4+ 51. Ke4 Kg4 52. Bd1+ Kg3 53. Rg6 Rh2 54. Rxg5+ Kf2 55. Kxf4 Ke1 56. Bb3 Rxb2 57. e6 1-0

[Event "URU-ch sf"]
[Site "Montevideo"]
[Date "2013.02.09"]
[Round "2"]
[White "Aguilar, Sebastian"]
[Black "Ledesma, Sebastian"]
[Result "1/2-1/2"]
[WhiteElo "2122"]
[BlackElo "1923"]
[PlyCount "42"]
[EventDate "2013.02.08"]
[EventType "swiss"]
[EventRounds "9"]
[EventCountry "URU"]
[SourceTitle "EXT 2014"]
[Source "ChessBase"]
[SourceDate "2013.11.20"]
[SourceVersion "1"]
[SourceVersionDate "2013.11.20"]
[SourceQuality "1"]

1. d4 f5 2. Bf4 Nf6 3. e3 e6 4. Nf3 b6 5. h3 Bb7 6. Nbd2 Be7 7. Bd3 c5 8. c3 0-0 9. Qe2 Be4 10. 0-0-0 Bxd3 11. Qxd3 Nc6 12. g4 cxd4 13. cxd4 Nd5 14. Bh2 Rc8 15. Kb1 b5 16. gxf5 Rxf5 17. Rhg1 Qf8 18. Rg4 Nf6 19. Rg2 Nh5 20. Rdg1 g6 21. Ne5 Nxe5 1/2-1/2

[Event "WC-2015-Q-00003"]
[Site "LSS email"]
[Date "2012.09.11"]
[Round "?"]
[White "Aguilar, Sebastian"]
[Black "Kovacs, Arthur"]
[Result "0-1"]
[WhiteElo "1788"]
[BlackElo "2471"]
[PlyCount "36"]
[EventDate "2012.09.17"]
[EventType "tourn (corr)"]
[EventRounds "10"]
[EventCountry "GER"]
[SourceTitle "Telechess CBM 167"]
[Source "ChessBase"]
[SourceDate "2015.07.13"]
[SourceVersion "1"]
[SourceVersionDate "2015.07.13"]
[SourceQuality "1"]

1. d4 Nf6 2. Nf3 c5 3. e3 g6 4. c3 b6 5. Bd3 Bb7 6. Nbd2 Bg7 7. 0-0 0-0 8. b4 d6 9. bxc5 bxc5 10. Rb1 Qc7 11. e4 Nbd7 12. Re1 e6 13. Qa4 Bc6 14. Qa6 Rfb8 15. h3 d5 16. e5 Ne8 17. Bb5 Rb6 18. Qa4 Rxb5 0-1

[Event "ZI-2012-0-01358"]
[Site "LSS email"]
[Date "2012.08.05"]
[Round "?"]
[White "Aguilar, Sebastian"]
[Black "Hillebrand, Carsten"]
[Result "0-1"]
[WhiteElo "1835"]
[BlackElo "1666"]
[PlyCount "48"]
[EventDate "2012.07.31"]
[EventType "match (corr)"]
[EventRounds "2"]
[EventCountry "GER"]
[SourceTitle "Telechess CBM 165"]
[Source "ChessBase"]
[SourceDate "2015.03.11"]
[SourceVersion "1"]
[SourceVersionDate "2015.03.11"]
[SourceQuality "1"]

1. c4 Nf6 2. Nc3 g6 3. e4 d6 4. d4 Bg7 5. f3 0-0 6. Be3 a6 7. Qd2 Nbd7 8. h4 h5 9. Bh6 c5 10. Nge2 cxd4 11. Nxd4 Ne5 12. Be2 Bxh6 13. Qxh6 b5 14. cxb5 axb5 15. Ndxb5 Bd7 16. 0-0 Qb6+ 17. Kh1 Rfc8 18. Qd2 Bxb5 19. Nxb5 d5 20. exd5 Nc4 21. Qd4 Qxb5 22. b3 Qb6 23. Qxc4 Rxc4 24. Bxc4 Ne8 0-1

[Event "ZI-2012-0-01357"]
[Site "LSS email"]
[Date "2012.08.05"]
[Round "?"]
[White "Aguilar, Sebastian"]
[Black "Van Gysel, Marc"]
[Result "1/2-1/2"]
[WhiteElo "1835"]
[BlackElo "1966"]
[PlyCount "67"]
[EventDate "2012.07.26"]
[EventType "match (corr)"]
[EventRounds "2"]
[EventCountry "GER"]
[SourceTitle "Telechess CBM 165"]
[Source "ChessBase"]
[SourceDate "2015.03.11"]
[SourceVersion "1"]
[SourceVersionDate "2015.03.11"]
[SourceQuality "1"]

1. c4 e5 2. g3 Nc6 3. Bg2 g6 4. Nc3 Bg7 5. d3 f5 6. Nf3 Nf6 7. Bg5 h6 8. Bxf6 Bxf6 9. Rb1 0-0 10. 0-0 d6 11. Nd5 Bg7 12. b4 Ne7 13. Nd2 a6 14. a4 c6 15. Nxe7+ Qxe7 16. Qb3 Be6 17. b5 axb5 18. axb5 Qd7 19. bxc6 bxc6 20. Qb7 Ra2 21. Rfd1 Qxb7 22. Rxb7 Rc8 23. Rb6 Bd7 24. Rb7 Be8 25. Bf3 Kf8 26. Nf1 Rca8 27. Rc7 R8a7 28. Rc8 R2a6 29. Rb1 Ke7 30. Rbb8 Bd7 31. Rg8 Kf6 32. Kg2 Ra2 33. Rb6 R2a6 34. Rbb8 1/2-1/2

[Event "ZI-2012-0-01358"]
[Site "LSS email"]
[Date "2012.08.05"]
[Round "?"]
[White "Hillebrand, Carsten"]
[Black "Aguilar, Sebastian"]
[Result "1-0"]
[WhiteElo "1666"]
[BlackElo "1835"]
[PlyCount "61"]
[EventDate "2012.07.31"]
[EventType "match (corr)"]
[EventRounds "2"]
[EventCountry "GER"]
[SourceTitle "Telechess CBM 165"]
[Source "ChessBase"]
[SourceDate "2015.03.11"]
[SourceVersion "1"]
[SourceVersionDate "2015.03.11"]
[SourceQuality "1"]

1. e4 c5 2. Nf3 g6 3. c4 Nc6 4. d4 cxd4 5. Nxd4 Nf6 6. Nc3 Nxd4 7. Qxd4 d6 8. Bg5 Bg7 9. Qd2 Qa5 10. Rc1 0-0 11. f3 Be6 12. Be2 Rfc8 13. b3 a6 14. Na4 Qxd2+ 15. Kxd2 Nd7 16. g4 f6 17. Be3 f5 18. exf5 gxf5 19. h3 Rf8 20. f4 Rad8 21. Nc3 Nc5 22. Bf3 b6 23. Rhe1 Bc8 24. b4 Bxc3+ 25. Kxc3 Na4+ 26. Kb3 b5 27. Bd4 fxg4 28. Bd5+ e6 29. Rxe6 Bxe6 30. Bxe6+ Rf7 31. cxb5 1-0

[Event "ZI-2012-0-01357"]
[Site "LSS email"]
[Date "2012.08.05"]
[Round "?"]
[White "Van Gysel, Marc"]
[Black "Aguilar, Sebastian"]
[Result "1-0"]
[WhiteElo "1966"]
[BlackElo "1835"]
[PlyCount "61"]
[EventDate "2012.07.26"]
[EventType "match (corr)"]
[EventRounds "2"]
[EventCountry "GER"]
[SourceTitle "Telechess CBM 165"]
[Source "ChessBase"]
[SourceDate "2015.03.11"]
[SourceVersion "1"]
[SourceVersionDate "2015.03.11"]
[SourceQuality "1"]

1. d4 Nf6 2. Nf3 e6 3. g3 c5 4. Bg2 cxd4 5. Nxd4 d5 6. 0-0 Be7 7. c4 0-0 8. cxd5 Nxd5 9. Nc3 Nxc3 10. bxc3 e5 11. Nc2 Nc6 12. Qxd8 Rxd8 13. Rb1 Bd6 14. Ne3 Rb8 15. Rd1 Bc7 16. Rxd8+ Nxd8 17. Ba3 Be6 18. Nd5 Bxd5 19. Bxd5 Nc6 20. Kg2 g6 21. e3 Kg7 22. c4 Kf6 23. f4 Kg7 24. Bb2 f6 25. Kf3 Ne7 26. fxe5 Nxd5 27. cxd5 fxe5 28. Ke4 Re8 29. Ba3 Bb6 30. Bd6 Kf7 31. a4 1-0

[Event "RB-2012-0-00181"]
[Site "LSS email"]
[Date "2012.06.12"]
[Round "?"]
[White "Aguilar, Sebastian"]
[Black "Figura, Atila Gajo"]
[Result "0-1"]
[WhiteElo "1906"]
[BlackElo "1949"]
[PlyCount "62"]
[EventDate "2012.05.12"]
[EventType "tourn (corr)"]
[EventRounds "6"]
[EventCountry "GER"]
[SourceTitle "Telechess CBM 153"]
[Source "ChessBase"]
[SourceDate "2013.03.14"]
[SourceVersion "1"]
[SourceVersionDate "2013.03.14"]
[SourceQuality "1"]

1. e4 c5 2. c3 d5 3. exd5 Qxd5 4. d4 g6 5. Nf3 Bg7 6. Be3 cxd4 7. Bxd4 Nf6 8. Nbd2 0-0 9. Bc4 Qa5 10. 0-0 Nc6 11. Be3 Bf5 12. Nb3 Qc7 13. Qc1 e5 14. Bh6 Bg4 15. Bxg7 Kxg7 16. Be2 Rfe8 17. Re1 e4 18. Nfd4 Bxe2 19. Rxe2 Ng4 20. g3 f5 21. Nxc6 bxc6 22. Qf4 Ne5 23. Nd4 c5 24. Nb5 Qb6 25. a4 Rad8 26. Kg2 a6 27. Na3 Qb7 28. Kg1 Rd3 29. h4 Rf3 30. Qd2 e3 31. Qc2 exf2+ 0-1

[Event "RB-2012-0-00181"]
[Site "LSS email"]
[Date "2012.06.12"]
[Round "?"]
[White "Aguilar, Sebastian"]
[Black "Kobryn, Wieslaw"]
[Result "1/2-1/2"]
[WhiteElo "1906"]
[BlackElo "1905"]
[PlyCount "33"]
[EventDate "2012.05.12"]
[EventType "tourn (corr)"]
[EventRounds "6"]
[EventCountry "GER"]
[SourceTitle "Corr 2015"]
[Source "ChessBase"]
[SourceDate "2015.07.17"]
[SourceVersion "1"]
[SourceVersionDate "2015.07.17"]
[SourceQuality "1"]

1. e4 c5 2. c3 Nf6 3. e5 Nd5 4. d4 cxd4 5. Nf3 Nc6 6. cxd4 d6 7. Bc4 Nb6 8. Bb5 dxe5 9. Nxe5 Bd7 10. Nc3 e6 11. Nxd7 Qxd7 12. 0-0 Rd8 13. Be3 Be7 14. Qg4 0-0 15. Rad1 g6 16. Qf3 a6 17. Bxc6 1/2-1/2

[Event "RA-2012-0-00216"]
[Site "LSS email"]
[Date "2012.06.12"]
[Round "?"]
[White "Aguilar, Sebastian"]
[Black "Krakovsky, Peter"]
[Result "0-1"]
[WhiteElo "1905"]
[BlackElo "1952"]
[PlyCount "60"]
[EventDate "2012.05.16"]
[EventType "tourn (corr)"]
[EventRounds "6"]
[EventCountry "GER"]
[SourceTitle "Telechess CBM 155"]
[Source "ChessBase"]
[SourceDate "2013.07.16"]
[SourceVersion "1"]
[SourceVersionDate "2013.07.16"]
[SourceQuality "1"]

1. e4 e5 2. Nf3 Nc6 3. Nc3 Nf6 4. g3 Bc5 5. Bg2 d6 6. d3 a6 7. Be3 Bxe3 8. fxe3 0-0 9. 0-0 Be6 10. h3 Ne7 11. Rf2 c6 12. Kh2 Qc7 13. Qd2 Ng6 14. Raf1 b5 15. Ng5 Bd7 16. Qe2 b4 17. Na4 c5 18. b3 Bxa4 19. bxa4 Qc6 20. h4 h6 21. Rxf6 gxf6 22. Nh3 Rae8 23. Rxf6 Re6 24. Rf2 Qxa4 25. h5 Ne7 26. Qg4+ Kh7 27. Rxf7+ Rxf7 28. Qxe6 Rg7 29. Qxd6 Qxc2 30. Qxe5 Qxa2 0-1

[Event "RA-2012-0-00216"]
[Site "LSS email"]
[Date "2012.06.12"]
[Round "?"]
[White "Aguilar, Sebastian"]
[Black "Ortiz, Manuel"]
[Result "0-1"]
[WhiteElo "1905"]
[BlackElo "2026"]
[PlyCount "56"]
[EventDate "2012.05.16"]
[EventType "tourn (corr)"]
[EventRounds "6"]
[EventCountry "GER"]
[SourceTitle "Telechess CBM 155"]
[Source "ChessBase"]
[SourceDate "2013.07.16"]
[SourceVersion "1"]
[SourceVersionDate "2013.07.16"]
[SourceQuality "1"]

1. e4 e6 2. d4 d5 3. Nd2 Nc6 4. Ngf3 Nf6 5. e5 Nd7 6. c3 f6 7. exf6 Qxf6 8. Bd3 Bd6 9. 0-0 0-0 10. Bb1 a5 11. Qc2 g6 12. a4 Nb6 13. Nb3 e5 14. Bg5 Qe6 15. Nxe5 Nxe5 16. dxe5 Qxe5 17. f4 Qe3+ 18. Qf2 Qxf2+ 19. Rxf2 Kg7 20. g3 h6 21. Bh4 Bd7 22. Re2 Rfe8 23. Rxe8 Rxe8 24. Kf2 Nxa4 25. Ra2 Nc5 26. Nxa5 b6 27. b4 bxa5 28. bxc5 Bxc5+ 0-1

[Event "RA-2012-0-00216"]
[Site "LSS email"]
[Date "2012.06.12"]
[Round "?"]
[White "Cimicki, Dariusz"]
[Black "Aguilar, Sebastian"]
[Result "1-0"]
[WhiteElo "2107"]
[BlackElo "1905"]
[PlyCount "59"]
[EventDate "2012.05.16"]
[EventType "tourn (corr)"]
[EventRounds "6"]
[EventCountry "GER"]
[SourceTitle "Telechess CBM 155"]
[Source "ChessBase"]
[SourceDate "2013.07.16"]
[SourceVersion "1"]
[SourceVersionDate "2013.07.16"]
[SourceQuality "1"]

1. d4 Nf6 2. c4 e6 3. Nc3 Bb4 4. a3 Bxc3+ 5. bxc3 c5 6. e3 Nc6 7. Bd3 0-0 8. Ne2 b6 9. e4 Ne8 10. 0-0 Ba6 11. f4 f5 12. exf5 exf5 13. dxc5 bxc5 14. Ng3 g6 15. Be3 d6 16. Bxf5 gxf5 17. Qd5+ Kh8 18. Qxc6 Bxc4 19. Rfd1 Qc8 20. Rxd6 Nxd6 21. Qxd6 Qe6 22. Qxe6 Bxe6 23. Bxc5 Rfc8 24. Bd4+ Kg8 25. Re1 Rc6 26. Re5 Rf8 27. Bxa7 Ra8 28. Bd4 Rxa3 29. h4 Ra2 30. Kh2 1-0

[Event "RA-2012-0-00216"]
[Site "LSS email"]
[Date "2012.06.12"]
[Round "?"]
[White "Schenning, Albert AM"]
[Black "Aguilar, Sebastian"]
[Result "1-0"]
[WhiteElo "2039"]
[BlackElo "1905"]
[PlyCount "55"]
[EventDate "2012.05.16"]
[EventType "tourn (corr)"]
[EventRounds "6"]
[EventCountry "GER"]
[SourceTitle "Telechess CBM 155"]
[Source "ChessBase"]
[SourceDate "2013.07.16"]
[SourceVersion "1"]
[SourceVersionDate "2013.07.16"]
[SourceQuality "1"]

1. e4 c5 2. c3 d5 3. exd5 Qxd5 4. d4 Nf6 5. Nf3 Bg4 6. Be2 e6 7. Be3 cxd4 8. cxd4 Bb4+ 9. Nc3 Qa5 10. 0-0 0-0 11. Qb3 Nbd7 12. Rac1 Rfc8 13. h3 Bh5 14. a3 Bxc3 15. bxc3 Qc7 16. c4 h6 17. Rfd1 Qb6 18. Qb4 Qxb4 19. axb4 a5 20. g4 Bg6 21. b5 a4 22. Ne5 Be4 23. f3 Bh7 24. Nxd7 Nxd7 25. Rd2 a3 26. Ra2 Ra4 27. Rc3 Rca8 28. Bc1 1-0

[Event "LSS No Engine Cup 59 Preliminary 3"]
[Site "LSS email"]
[Date "2012.02.06"]
[Round "?"]
[White "Nowak, Andrzej"]
[Black "Aguilar, Sebastian"]
[Result "1/2-1/2"]
[WhiteElo "1491"]
[BlackElo "1938"]
[PlyCount "58"]
[EventDate "2012.02.07"]
[EventType "tourn (corr)"]
[EventRounds "6"]
[EventCountry "GER"]
[SourceTitle "Telechess CBM 155"]
[Source "ChessBase"]
[SourceDate "2013.07.16"]
[SourceVersion "1"]
[SourceVersionDate "2013.07.16"]
[SourceQuality "1"]

1. f4 c5 2. Nf3 g6 3. e3 Bg7 4. d4 Nf6 5. Be2 0-0 6. b3 Nc6 7. Bb2 d5 8. 0-0 b6 9. Ne5 Bb7 10. Nd2 e6 11. c3 Rc8 12. Bd3 Rc7 13. Ba3 Ne7 14. Qe2 Nf5 15. Rac1 Nd6 16. dxc5 bxc5 17. c4 dxc4 18. Ndxc4 Nxc4 19. Bxc4 Be4 20. Bd3 Qd6 21. Rfd1 Qb6 22. Bxe4 Nxe4 23. Nd7 Rxd7 24. Rxd7 Qa5 25. Bb2 Qxa2 26. Rc2 Qxb3 27. Bxg7 Kxg7 28. Rb2 Qa4 29. Rbb7 a5 1/2-1/2

[Event "URU-chT Serie-B"]
[Site "Trinidad"]
[Date "2010.08.21"]
[Round "3"]
[White "Aguilar, Sebastian"]
[Black "Miralles, Nicolas"]
[Result "1-0"]
[WhiteElo "2131"]
[BlackElo "2061"]
[PlyCount "107"]
[EventDate "2010.08.??"]
[EventType "team-tourn"]
[EventRounds "6"]
[EventCountry "URU"]
[SourceTitle "EXT 2011"]
[Source "ChessBase"]
[SourceDate "2010.11.26"]
[SourceVersion "1"]
[SourceVersionDate "2010.11.26"]
[SourceQuality "1"]

1. d4 Nf6 2. Bg5 Ne4 3. Bf4 c5 4. f3 Nf6 5. d5 e6 6. e4 exd5 7. exd5 g6 8. c4 d6 9. Bd3 Bg7 10. Qe2+ Kf8 11. Nc3 Nh5 12. Be3 Qh4+ 13. Bf2 Qg5 14. g3 Na6 15. Be3 Qe7 16. g4 Nf6 17. Bf4 Bd7 18. Qxe7+ Kxe7 19. 0-0-0 Ne8 20. Re1+ Kd8 21. Nge2 Nb4 22. Bb1 Rb8 23. Ne4 Be5 24. Bxe5 dxe5 25. Nxc5 Nd6 26. a3 Na6 27. Nxa6 bxa6 28. Bd3 Rb3 29. Nc3 Re8 30. Kc2 Rb8 31. Re2 f5 32. Rhe1 fxg4 33. fxg4 Bxg4 34. Rxe5 Rxe5 35. Rxe5 Kd7 36. c5 Nb5 37. Nxb5 axb5 38. b4 a6 39. d6 Be6 40. Be4 Re8 41. Kd2 Rf8 42. Bc6+ Kxc6 43. Rxe6 Rf7 44. Re7 Rxe7 45. dxe7 Kd7 46. Ke3 Kxe7 47. Kf4 Kf6 48. Kg4 h6 49. Kf4 Ke6 50. Ke4 g5 51. Kf3 h5 52. Ke4 h4 53. Kf3 Kf5 54. h3 1-0

[Event "URU-ch sf"]
[Site "Montevideo"]
[Date "2010.03.29"]
[Round "6"]
[White "Bustelo, Tabare"]
[Black "Aguilar, Sebastian"]
[Result "1/2-1/2"]
[WhiteElo "2090"]
[BlackElo "2131"]
[PlyCount "49"]
[EventDate "2010.03.26"]
[EventType "swiss"]
[EventRounds "9"]
[EventCountry "URU"]
[SourceTitle "EXT 2013"]
[Source "ChessBase"]
[SourceDate "2012.11.22"]
[SourceVersion "1"]
[SourceVersionDate "2012.11.22"]
[SourceQuality "1"]

1. d4 Nf6 2. Bg5 c5 3. d5 Qb6 4. Bc1 Qb4+ 5. Nc3 Ne4 6. Qd3 Nxc3 7. bxc3 Qa5 8. Bd2 d6 9. c4 Qa4 10. Bc3 Na6 11. a3 e5 12. e4 Be7 13. f4 exf4 14. Bxg7 Rg8 15. Bc3 Bh4+ 16. Kd2 Bd7 17. Ne2 Bg5 18. Qf3 h5 19. Nxf4 Bg4 20. Qf2 0-0-0 21. g3 Rde8 22. h3 Bd7 23. Bd3 Nc7 24. Rae1 b5 25. e5 1/2-1/2

[Event "URU-ch sf"]
[Site "Montevideo"]
[Date "2010.03.28"]
[Round "5"]
[White "Rodriguez, Santiago"]
[Black "Aguilar, Sebastian"]
[Result "1-0"]
[WhiteElo "2270"]
[BlackElo "2131"]
[PlyCount "37"]
[EventDate "2010.03.26"]
[EventType "swiss"]
[EventRounds "9"]
[EventCountry "URU"]
[SourceTitle "EXT 2013"]
[Source "ChessBase"]
[SourceDate "2012.11.22"]
[SourceVersion "1"]
[SourceVersionDate "2012.11.22"]
[SourceQuality "1"]

1. d4 d5 2. Nc3 c6 3. e4 dxe4 4. Nxe4 Bf5 5. Ng3 Bg6 6. h4 h6 7. Nh3 e5 8. h5 Bh7 9. c3 exd4 10. Bc4 Qe7+ 11. Kf1 Nd7 12. Qxd4 Qc5 13. Bxf7+ Kxf7 14. Qxd7+ Be7 15. Qxb7 Nf6 16. Qb3+ Nd5 17. Be3 Qa5 18. Qc4 Rhc8 19. Nf4 1-0

[Event "LSS WC-2014-P-00011"]
[Site "LSS email"]
[Date "2010.02.18"]
[Round "?"]
[White "Aguilar, Sebastian"]
[Black "McKenzie, Duncan"]
[Result "1/2-1/2"]
[WhiteElo "2037"]
[BlackElo "1808"]
[PlyCount "79"]
[EventDate "2010.02.24"]
[EventType "tourn (corr)"]
[EventRounds "10"]
[EventCountry "GER"]
[SourceTitle "Telechess CBM 141"]
[Source "ChessBase"]
[SourceDate "2011.03.17"]
[SourceVersion "1"]
[SourceVersionDate "2011.03.17"]
[SourceQuality "1"]

1. e4 c5 2. c3 g6 3. d4 cxd4 4. cxd4 d5 5. e5 Bg7 6. Nc3 Nc6 7. Bb5 Nh6 8. h3 0-0 9. Nf3 f6 10. exf6 Rxf6 11. 0-0 Nf5 12. Re1 Rf7 13. Bxc6 bxc6 14. Na4 Qd6 15. b3 Nxd4 16. Nxd4 c5 17. Nb5 Qf6 18. Bb2 Qxf2+ 19. Kh2 Bxb2 20. Nxb2 Qxb2 21. Qxd5 Rb8 22. Rxe7 Qf6 23. Re8+ Kg7 24. Nd6 Bb7 25. Qe5 Qxe5+ 26. Rxe5 Rd7 27. Rd1 Kf6 28. Re2 Rbd8 29. Ne8+ Kg5 30. Rc1 Rd2 31. Rxc5+ Kh6 32. Rce5 Rxe2 33. Rxe2 Kg5 34. Nc7 Kf6 35. Kg3 Rd3+ 36. Kf2 Rd7 37. Ne6 Re7 38. Nd4 Rxe2+ 39. Nxe2 Ke5 40. g3 1/2-1/2

[Event "CP-2008-Q-00007"]
[Site "LSS email"]
[Date "2010.01.10"]
[Round "?"]
[White "Silkin, Aleksey Vyacheslavo"]
[Black "Aguilar, Sebastian"]
[Result "0-1"]
[WhiteElo "2262"]
[BlackElo "2048"]
[PlyCount "78"]
[EventDate "2010.01.15"]
[EventType "tourn (corr)"]
[EventRounds "6"]
[EventCountry "GER"]
[SourceTitle "Telechess CBM 141"]
[Source "ChessBase"]
[SourceDate "2011.03.17"]
[SourceVersion "1"]
[SourceVersionDate "2011.03.17"]
[SourceQuality "1"]

1. e4 c5 2. Nc3 Nc6 3. Bb5 g6 4. Bxc6 bxc6 5. d3 Bg7 6. f4 d6 7. Nf3 Rb8 8. 0-0 Nf6 9. Qe1 0-0 10. b3 Bg4 11. Nh4 Bd7 12. Bd2 Nh5 13. a4 Qc7 14. f5 Rbe8 15. g4 Nf6 16. Qg3 e6 17. Rae1 exf5 18. exf5 Rxe1 19. Qxe1 Nxg4 20. Qg3 Nf6 21. Ne4 Nxe4 22. dxe4 Re8 23. Qf4 Be5 24. Qh6 Bd4+ 25. Kh1 Qd8 26. fxg6 fxg6 27. Bg5 Bg7 28. Qxg7+ Kxg7 29. Bxd8 Rxd8 30. Nf3 Re8 31. Re1 d5 32. Kg2 dxe4 33. Nd2 e3 34. Nc4 e2 35. Kf3 Bh3 36. Ne3 Bf1 37. Kf2 Rf8+ 38. Kg1 g5 39. Rc1 Rf4 0-1

[Event "LSS SM-2009-0-00092"]
[Site "LSS email"]
[Date "2010.01.08"]
[Round "?"]
[White "Szabo, Eleonora"]
[Black "Aguilar, Sebastian"]
[Result "1-0"]
[WhiteElo "2424"]
[BlackElo "2048"]
[PlyCount "53"]
[EventDate "2009.12.08"]
[EventType "tourn (corr)"]
[EventRounds "6"]
[EventCountry "GER"]
[SourceTitle "Telechess CBM 141"]
[Source "ChessBase"]
[SourceDate "2011.03.17"]
[SourceVersion "1"]
[SourceVersionDate "2011.03.17"]
[SourceQuality "1"]

1. d4 d5 2. Nf3 Nf6 3. c4 c6 4. Nc3 dxc4 5. a4 Bf5 6. e3 e6 7. Bxc4 Bb4 8. 0-0 0-0 9. Qe2 Bg4 10. Rd1 Qa5 11. e4 Qh5 12. h3 Bxf3 13. Qxf3 Qxf3 14. gxf3 Nbd7 15. Bf4 Rfe8 16. a5 e5 17. dxe5 Nxe5 18. Be2 Ng6 19. Be3 Nh5 20. Ra4 Bf8 21. e5 b5 22. Re4 f5 23. exf6 Nxf6 24. Rxe8 Rxe8 25. Nxb5 cxb5 26. Bxb5 Ra8 27. Ba6 1-0

[Event "LSS SM-2009-0-00092"]
[Site "LSS email"]
[Date "2010.01.07"]
[Round "?"]
[White "Skeels, Jim"]
[Black "Aguilar, Sebastian"]
[Result "1-0"]
[WhiteElo "2188"]
[BlackElo "2030"]
[PlyCount "79"]
[EventDate "2009.12.08"]
[EventType "tourn (corr)"]
[EventRounds "6"]
[EventCountry "GER"]
[SourceTitle "Telechess CBM 141"]
[Source "ChessBase"]
[SourceDate "2011.03.17"]
[SourceVersion "1"]
[SourceVersionDate "2011.03.17"]
[SourceQuality "1"]

1. Nf3 Nf6 2. c4 c6 3. d4 d5 4. Nc3 dxc4 5. a4 Bf5 6. e3 e6 7. Bxc4 Bb4 8. 0-0 Nbd7 9. Qe2 Bg4 10. Rd1 Qa5 11. e4 Qh5 12. Rd3 e5 13. h3 Bxf3 14. Qxf3 Qxf3 15. gxf3 0-0 16. Be3 exd4 17. Rxd4 a5 18. Rad1 Ne5 19. Be2 Rfe8 20. f4 Ng6 21. e5 Bxc3 22. bxc3 Nd5 23. c4 Nc3 24. R1d2 Nxe2+ 25. Rxe2 f6 26. Rd7 fxe5 27. f5 Ne7 28. Rb2 Nxf5 29. Rbxb7 Reb8 30. Bc5 Rxb7 31. Rxb7 Rd8 32. Ra7 Rd1+ 33. Kg2 Rc1 34. Rxa5 Rxc4 35. Bb6 Kf7 36. Ra8 Ne7 37. a5 Nd5 38. Bd8 c5 39. Rb8 Rb4 40. Rc8 1-0